00680nam a2200229Ia 4500003000900000008004100009040001300050040001300063041000800076100002400084245002500108250002200133260001200155260000900167300001100176300001000187490002500197490000800222942000700230999001700237952019600254IT-RoPAU120407s9999 xx 000 0 und d aIT-RoPAU cIT-RoPAU aita aErasmo da Rotterdam aVita di San Girolamo aL’Aquila - Roma aJapadre c1988 a175 p. c20 cm aColl. di testi stor. v118 cBK c27230d27230 00102ddc406922_18900000000000071aPAULUSbPAULUSd2012-04-11l0o922.189r2012-04-11 00:00:00w2012-04-11yBKzInserito da: Jole In data: 22 luglio 2011 fondo: Via A.Severo 56 Progr:37073